Sustainable poverty reduction in less-favoured areas (Record no. 113524)
[ view plain ]
| 000 -LEADER | |
|---|---|
| fixed length control field | 01492nam a2200361Ia 4500 |
| 082 04 - DEWEY DECIMAL CLASSIFICATION NUMBER | |
| Classification number | 339.4/6091724 |
| 245 00 - TITLE STATEMENT | |
| Title | Sustainable poverty reduction in less-favoured areas |
| 260 ## - PUBLICATION, DISTRIBUTION, ETC. (IMPRINT) | |
| Place of publication | Wallingford, Oxfordshire, UK ; |
| -- | Cambridge, MA : |
| Name of publisher | CABI Pub., |
| Year of publication | 2007. |
| 300 ## - PHYSICAL DESCRIPTION | |
| Number of Pages | xii, 472 p. |
| 650 #0 - SUBJECT ADDED ENTRY--TOPICAL TERM | |
| Topical Term | Sustainable development |
| Topical Term | Agricultural development projects |
| Topical Term | Rural development |
| Topical Term | Poverty |
| 700 1# - ADDED ENTRY--PERSONAL NAME | |
| Personal name | Ruben, Ruerd. |
| Personal name | Pender, J. |
| Personal name | Kuyvenhoven, Arie. |
| 856 40 - ELECTRONIC LOCATION AND ACCESS | |
| Uniform Resource Identifier | http://site.ebrary.com/lib/rucke/Doc?id=10191403 |
No items available.
